| 000 | 00578 a2200205 4500 | ||
|---|---|---|---|
| 005 | 20260218112636.0 | ||
| 008 | 260218b |||||||| |||| 00| 0 eng d | ||
| 020 |
_a9789385719066 _cRs. 795.00 |
||
| 040 | _aMAIN | ||
| 082 |
_a344.046 _bG558E |
||
| 100 | _aGogoi, Chitta Ranjan, ed. | ||
| 245 | _aEnvironmental law and policy | ||
| 260 |
_bDelta Book World _c2018 _aNew Delhi |
||
| 300 | _a211 | ||
| 650 | _aEnvironmental Policy | ||
| 650 | _aNatural Resources- Law and Legislation | ||
| 650 | _aPollution- Law | ||
| 650 | _aEnvironmental Protection- Law | ||
| 942 | _cBK | ||
| 999 |
_c396153 _d396153 |
||